Úloha bánk v procese financovania projektov na podporu rozvoja regiónu z prostriedkov EÚ
Financovanie projektov. Inštitúcie zapojené do systému finančného riadenia štrukturálnych fondov. Finančné toky štrukturálnych fondov. Banka ako subjekt spolufinancovania projektu, produkty a služby, ktoré banky v tejto súvislosti ponúkajú. Význam komerčných bánk pri financovaní projektov, ktoré sú...
Guardado en:
| Autor principal: | |
|---|---|
| Otros Autores: | |
| Formato: | Capítulo de libro |
| Lenguaje: | eslovaco |
| Materias: | |
| Etiquetas: |
Sin Etiquetas, Sea el primero en etiquetar este registro!
|
MARC
| LEADER | 00000naa$a2200000$$$4500 | ||
|---|---|---|---|
| 001 | 0049160 | ||
| 005 | 20240502071551.4 | ||
| 041 | 0 | |a slo | |
| 044 | |a SK | ||
| 245 | 1 | 0 | |a Úloha bánk v procese financovania projektov na podporu rozvoja regiónu z prostriedkov EÚ |c Monika Bačová, Rozália Pétrová |
| 520 | |a Financovanie projektov. Inštitúcie zapojené do systému finančného riadenia štrukturálnych fondov. Finančné toky štrukturálnych fondov. Banka ako subjekt spolufinancovania projektu, produkty a služby, ktoré banky v tejto súvislosti ponúkajú. Význam komerčných bánk pri financovaní projektov, ktoré sú podporované a financované zo štrukturálnych fondov. | ||
| 610 | 2 | 0 | |a banky |
| 610 | 2 | 0 | |a financovanie projektové |
| 610 | 2 | 0 | |a fondy štruktúrne |
| 610 | 2 | 0 | |a Európska únia |
| 610 | 2 | 0 | |a rozvoj regionálny |
| 100 | 1 | |a Bačová, Monika | |
| 700 | 1 | |a Pétrová, Rozália | |